| 000 | 01199cam a22002535a 4500 | ||
|---|---|---|---|
| 001 | L159100 | ||
| 008 | 160127s2016 xxk f 000 0 eng d | ||
| 035 | _a(Sirsi) u159100 | ||
| 041 | 0 | _aeng | |
| 110 | 2 |
_aPeter Brett Associates _96176 |
|
| 245 | 0 | 0 |
_aTown centre investment zones _bGetting investment back into the high street _h[electronic resource] |
| 520 | _aHighlights fragmented ownership as a key obstacle to regeneration of town and city centres. Considers the creation of an asset management style Town Centre Investment Management (ICIM) model to bring town centres to life by considering leisure, residential as well as retail needs of the area. Supports the idea of the creation of Town Centre Investment Zones | ||
| 590 | _aKA | ||
| 650 | 2 | 4 | _aTOWN CENTRES |
| 651 | 4 | _aENGLAND AND WALES | |
| 690 |
_aInvestments _96250 |
||
| 690 |
_aProperty management _96262 |
||
| 690 |
_aCommercial property _96227 |
||
| 690 |
_aResidential property _96266 |
||
| 710 | 1 | _aCiticentric | |
| 710 | 1 | _aBond Dickinson | |
| 856 | 4 | 0 |
_uhttps://www.bonddickinson.com/sites/default/files/tcim_summary_paper_final.pdf _zView the item free of charge from www.bonddickinson.com website. |
| 942 | _n0 | ||
| 999 |
_c115675 _d115675 |
||